<?xml version="1.0" encoding="UTF-8"?><?xml-stylesheet type="text/xsl" href="static/style.xsl"?><OAI-PMH xmlns="http://www.openarchives.org/OAI/2.0/" xmlns:xsi="http://www.w3.org/2001/XMLSchema-instance" xsi:schemaLocation="http://www.openarchives.org/OAI/2.0/ http://www.openarchives.org/OAI/2.0/OAI-PMH.xsd"><responseDate>2026-04-13T03:04:11Z</responseDate><request verb="GetRecord" identifier="oai:www.recercat.cat:2099.1/19684" metadataPrefix="marc">https://recercat.cat/oai/request</request><GetRecord><record><header><identifier>oai:recercat.cat:2099.1/19684</identifier><datestamp>2025-07-24T18:11:31Z</datestamp><setSpec>com_2072_1033</setSpec><setSpec>col_2072_452951</setSpec></header><metadata><record xmlns="http://www.loc.gov/MARC21/slim" xmlns:dcterms="http://purl.org/dc/terms/" xmlns:xsi="http://www.w3.org/2001/XMLSchema-instance" xmlns:doc="http://www.lyncode.com/xoai" xsi:schemaLocation="http://www.loc.gov/MARC21/slim http://www.loc.gov/standards/marcxml/schema/MARC21slim.xsd">
   <leader>00925njm 22002777a 4500</leader>
   <datafield ind2=" " ind1=" " tag="042">
      <subfield code="a">dc</subfield>
   </datafield>
   <datafield ind2=" " ind1=" " tag="720">
      <subfield code="a">Boada i Xairó, Salvador</subfield>
      <subfield code="e">author</subfield>
   </datafield>
   <datafield ind2=" " ind1=" " tag="260">
      <subfield code="c">2013-09</subfield>
   </datafield>
   <datafield ind2=" " ind1=" " tag="520">
      <subfield code="a">A lo largo de la historia el ser humano se ha fascinado por todo aquello que trasciende a la materia, a lo inmaterial como aproximación a lo místico, a lo divino. &#xd;
El vidrio es, posiblemente, el material de construcción que reúne eúne más cualidades para acercarse a esta idea de inmaterialidad. La ligereza, la transparencia, la sutileza y y el cambio continuo que ofrece el vidrio han ayudado a la concepción del material como símbolo de poder poder y de avance tecnológico. &#xd;
Este hecho ha propiciado que en los últimos años la gran m mayoría de edificios terciarios y de oficinas no puedan ser concebidos sin una piel exterior ligera y vidriada que les confiera una imagen de desarrollo, de prosperidad, de marca y de pureza formal. &#xd;
La búsqueda de esta imagen y pureza formal ha contribuido en en gran medida al desarrollo tecnológico de los sistemas de fachadas ligeras, donde, cada vez más, el vidrio tiiene una presencia e importancia mayor. &#xd;
La voluntad de resolver el cerramiento de fachada mediante e el uso de un solo elemento vidriado (liviano, simple, puro) lleva inevitablemente a que este vidrio deba ser capaz de cumplir con mayores requerimientos y exigencias, tales como; aislamiento térmic co, control solar, control lumínico, aislamiento acústico, resistencia mecánica, resistencia al fuego, aspecto forormal, etc. &#xd;
La exigencia de mayores prestaciones al vidrio hace que éstos os tiendan a ser mucho más complejos y, por lo tanto, mucho más caros. &#xd;
Existen en el mercado una enorme cantidad de vidrios con una una gran disparidad de precios que no siempre responden a las prestaciones que ofrecen. &#xd;
Es en este punto en que nos preguntamos si es lógico que un un solo elemento deba dar respuesta a todos los requerimientos de la piel de un edificio. ¿Dónde están sus llímites? ¿Tiene sentido el esfuerzo económico que esto supone? ¿No sería más inteligente la especialización, ón, la superposición de capas o filtros frente al “monolitismo” de un solo elemento constructivo? &#xd;
El trabajo se centra en el análisis de diferentes tipos de vidrios os aplicables a fachadas ligeras, centrándose en sus características térmicas (U), energéticas (FS) y lumínicas s (TL), a la vez que se relacionan con su coste económico (€), a fin de ver dónde se encuentran sus lím mites y abrir el campo al estudio de posibles alternativas económicamente viables al vidrio complejo de alttas prestaciones.</subfield>
   </datafield>
   <datafield ind2=" " ind1=" " tag="520">
      <subfield code="a">Throughout history, mankind has been fascinated by what transcends matter, using the immateriality as an approach to the mystical and divine. &#xd;
Glass is possibly the building material that contains more qualities to approach this idea of immateriality. The lightness, transparency, subtlety and its continuous change have helped the conception of the material as a symbol of power and technological progress. &#xd;
In recent years, the vast majority of commercial buildings and offices cannot be conceived without a lightweight and glazed outer skin, which gives them an image of development, prosperity, branding and formal purity. &#xd;
The pursuit of this image and formal purity has contributed greatly to the technological development of light facade systems, where, increasingly, the glass has a greater presence and importance. &#xd;
The willingness to resolve the façade cladding using a single glazing element (lightweight, simple, pure) leads inevitably that this glass should be able to satisfy higher requirements and demands, such as: thermal insulation, solar control, monitoring lighting, sound insulation, mechanical strength, fire resistance, formal look, etc… &#xd;
The demand for higher performance to glass makes these tend to be much more complex and, therefore, more expensive. &#xd;
A huge amount of glasses with a wide disparity in prices are commercially available. These prices do not always respond to the benefits provided. &#xd;
At this point, we wonder if it is logical that a single element must respond to all requirements of the skin of a building. Where are its limits? Does this effort make sense economically? Would not it be smarter the specialization, the overlapping of layers or filters in front of the "monolithic" single construction element? &#xd;
The work focuses on the analysis of different types of glass applicable to light façade systems, focusing on its thermal characteristics (U), energy (FS) and lighting (TL), while relating to its cost (€), in order to see where are their limits and enable future studies of economically feasible alternatives to the complex glass with high performances.</subfield>
   </datafield>
   <datafield tag="653" ind2=" " ind1=" ">
      <subfield code="a">Àrees temàtiques de la UPC::Arquitectura::Arquitectura sostenible</subfield>
   </datafield>
   <datafield tag="653" ind2=" " ind1=" ">
      <subfield code="a">Àrees temàtiques de la UPC::Edificació::Materials de construcció::Vidre</subfield>
   </datafield>
   <datafield tag="653" ind2=" " ind1=" ">
      <subfield code="a">Àrees temàtiques de la UPC::Edificació::Elements constructius d'edificis::Elements de tancament</subfield>
   </datafield>
   <datafield tag="653" ind2=" " ind1=" ">
      <subfield code="a">Facades</subfield>
   </datafield>
   <datafield tag="653" ind2=" " ind1=" ">
      <subfield code="a">Glass construction</subfield>
   </datafield>
   <datafield tag="653" ind2=" " ind1=" ">
      <subfield code="a">Buildings -- Energy consumption</subfield>
   </datafield>
   <datafield tag="653" ind2=" " ind1=" ">
      <subfield code="a">Architecture and climate</subfield>
   </datafield>
   <datafield tag="653" ind2=" " ind1=" ">
      <subfield code="a">Façanes de vidre</subfield>
   </datafield>
   <datafield tag="653" ind2=" " ind1=" ">
      <subfield code="a">Edificis -- Consum d'energia</subfield>
   </datafield>
   <datafield tag="653" ind2=" " ind1=" ">
      <subfield code="a">Arquitectura i clima</subfield>
   </datafield>
   <datafield ind2="0" ind1="0" tag="245">
      <subfield code="a">Los límites del vidrio: aproximación analítica a los límites de las prestaciones energético-lumínicas del vidrio</subfield>
   </datafield>
</record></metadata></record></GetRecord></OAI-PMH>